000 01786nam a2200457Ii 4500
001 DIGNOWT0151
003 NyNyDIG
006 m o d
007 cr |||||||||||
008 220520s2014 sp a ob 000 0 spa d
035 _a(OCoLC)883672257
040 _aDGITA
_beng
_erda
_epn
_cDGITA
020 _a9788499675596
_qeBook
_qePub
020 _z9788499675589
_qimpresión bajo demanda
020 _z9788499675572
050 1 4 _aN5300 ebook
082 0 4 _a709
100 1 _aTaranilla de la Varga, Carlos Javier,
_eauthor.
245 1 0 _aBreve historia del arte /
_cCarlos Javier Taranilla.
264 1 _aMadrid :
_bNowtilus,
_c[2014]
300 _a1 online resource :
_billustrations.
336 _atext
_btxt
_2rdacontent
336 _astill image
_2rdacontent
337 _acomputer
_bc
_2rdamedia
338 _aonline resource
_bcr
_2rdacarrier
347 _atext file
_2rdaft
347 _bEPUB
490 1 _aColección: Breve historia
500 _a"Desde las venus de la fertilidad hasta el hiperrealismo y Le Corbusier. Conozca la inspiradora creación plástica del ser humano a lo largo de los tiempos."
504 _aIncludes bibliographical references.
588 0 _aOnline resource; title from ePub title page (Digitalia, viewed May 20, 2022)
650 0 _aArt
_xHistory.
655 0 _aElectronic books.
776 0 8 _iPrint version:
_aTaranilla de la Varga, Carlos Javier.
_tBreve historia del arte.
_dMadrid : Nowtilus, 2014
_z9788499675572
791 2 _aDigitalia (Firm),
_edistributor.
793 0 _gDigitalia eBook Collection:
_aEdiciones Nowtilus
830 0 _aBreve historia (Ediciones Nowtilus S.L.)
856 4 0 _3Digitalia Hispánica
_uhttps://www.digitaliapublishing.com/a/84649/
910 _aPremium collection: 2022
942 _cRAA
999 _c266440
_d266440